Wszystkie filmy Barbie - Statystyki

Ogólne statystyki
  • Ten quiz został rozwiązany 670 razy
  • Średni wynik to 20 z 39
Statystyki odpowiedzi
Hint Odpowiedź % Poprawnych
2002 Barbie jako {Roszpunka}
78%
2001 Barbie w {Dziadku do orzechów}
78%
2010 Barbie w {świecie mody}
73%
2003 Barbie z {Jeziora Łabędziego}
73%
2010 Barbie i {podwodna tajemnica}
72%
2012 Barbie i {podwodna tajemnica} 2
72%
2008 Barbie i {diamentowy pałac}
71%
2008 Barbie {Mariposa}
71%
2006 Barbie i {12 tańczących księżniczek}
70%
2011 Barbie i {Akademia Księżniczek}
66%
2005 Barbie i {magia pegaza}
63%
2009 Barbie i {trzy muszkieterki}
63%
2004 Barbie jako {księżniczka} i {żebraczka}
63%
2009 Barbie przedstawia {Calineczkę}
63%
2005 Barbie: {Wróżkolandia}
62%
2007 Barbie jako {księżniczka wyspy}
61%
2006 Barbie: {Syrenkolandia}
59%
2013 Barbie i {magiczne baletki}
55%
2013 Barbie i siostry w {krainie kucyków}
52%
2011 Barbie i {Sekret wróżek}
51%
2012 Barbie: {Księżniczka} i {piosenkarka}
51%
2014 Barbie i {Tajemnicze Drzwi}
49%
2016 Barbie: {Tajne Agentki}
48%
2007 Barbie i {magia tęczy}
46%
2017 Barbie w {świecie gier}
46%
2006 {Pamiętniki} Barbie
45%
2014 Barbie: {Perłowa księżniczka}
43%
2015 Barbie: {Rockowa księżniczka}
41%
2011 Barbie: {Idealne święta}
39%
2015 Barbie i siostry: {wielka przygoda z pieskami}
36%
2008 Barbie w {Wigilijnej Opowieści}
36%
2016 Barbie: {Gwiezdna przygoda}
34%
2016 Barbie i siostry {na tropie piesków}
34%
2017 Barbie: {Delfiny z Magicznej Wyspy}
33%
2015 Barbie: {Super księżniczki}
27%
2013 Barbie: {Mariposa} i {Baśniowa Księżniczka}
26%
2020 Barbie: {Przygody Księżniczek}
20%
2021 Barbie: {Wielkie miasto, wielkie marzenia}
17%
2022 Barbie {Moc syrenek}
14%
Nie znaleziono quizów pasujących do podanych kryteriów
Rozkład punktacji
Procent ludzi z każdym wynikiem
Percentyl według liczby udzielonych odpowiedzi
Twoja historia wyników
Nie rozwiązałeś tego quizu